Molecular modeling: Basic principles and applications (Record no. 967)

MARC details
000 -LEADER
fixed length control field 00514nam a2200193Ia 4500
008 - FIXED-LENGTH DATA ELEMENTS--GENERAL INFORMATION
fixed length control field 130318s9999 xx 000 0 und d
020 ## - INTERNATIONAL STANDARD BOOK NUMBER
International Standard Book Number 3527305890
082 ## - DEWEY DECIMAL CLASSIFICATION NUMBER
Classification number 540.1133 HOL/M
100 ## - MAIN ENTRY--PERSONAL NAME
Personal name Holtje, H.D
245 ## - TITLE STATEMENT
Title Molecular modeling: Basic principles and applications
250 ## - EDITION STATEMENT
Edition statement 2
260 ## - PUBLICATION, DISTRIBUTION, ETC.
Name of publisher, distributor, etc. Wiley
Place of publication, distribution, etc. Weinheim
Date of publication, distribution, etc. 2003
300 ## - PHYSICAL DESCRIPTION
Extent 228
440 ## - SERIES STATEMENT/ADDED ENTRY--TITLE
Title Methods and Principles in Medicinal Chemistry Vol
650 ## - SUBJECT ADDED ENTRY--TOPICAL TERM
Topical term or geographic name entry element CHEMISTRY
650 ## - SUBJECT ADDED ENTRY--TOPICAL TERM
Topical term or geographic name entry element MOLECULAR MODELING
700 ## - ADDED ENTRY--PERSONAL NAME
Personal name Rognan, D
700 ## - ADDED ENTRY--PERSONAL NAME
Personal name Sippl, W
Holdings
Withdrawn status Lost status Damaged status Not for loan Collection code Home library Current library Shelving location Date acquired Cost, normal purchase price Total Checkouts Full call number Barcode Date last seen Date last checked out Price effective from Koha item type
        Chemistry Kerala University of Digital Sciences, Innovation and Technology Knowledge Centre Kerala University of Digital Sciences, Innovation and Technology Knowledge Centre Chemistry 18/03/2013 2848.00 3 540.1133 HOL/M 974 08/07/2025 03/06/2025 18/03/2013 Books